Представление документа в формате RUSMARC

ПолеНазваниеЗначение
  Тип записи a
  Библиографический уровень a
001 Контрольный номер RU/CBS_UL/BASE/6b1071a157f04d349031a676fa9da413
005 Дата корректировки 20260423100959.3
100 Данные общей обработки __
a Данные общей обработки 20260423 ||| 0rusy0189 ca
101 Язык документа 0_
a Язык текста rus
102 Страна публикации __
a Страна публикации RU
200 Заглавие и сведения об ответственности 1_
a Заглавие "Надо закрывать форточку"
e Сведения, относящиеся к заглавию [вспомним тех, кто 40 лет назад спас город от последствий чернобыльской аварии]
f Первые сведения об ответственности В. Кокосов
300 Общие примечания __
a Общие примечания 12+
461 Уровень набора _0
1 2000
a Литературная газета
463 Уровень физической единицы _0
1 2000
a № 15 (15-21 апр.)
v С. 17
1 2101
d 2026
1 001RU/CBS_UL/BASE/1c7c8416be204e73aeb92d99be15821e
600 Персоналии _1
a Персоналии (Фамилия) Жуков
b Персоналии (Имя, инициалы) И.А.
600 Персоналии _1
a Персоналии (Фамилия) Щукин
b Персоналии (Имя, инициалы) Ю.Н.
600 Персоналии _1
a Персоналии (Фамилия) Ямсон
b Персоналии (Имя, инициалы) В.А.
606 Тематические рубрики 0_
a Основная рубрика Чернобыльская атомная электростанция - Авария - Ликвидация
610 Ключевые слова 0_
a Ключевые слова Чернобыльская катастрофа; чернобыльская трагедия; чернобыльский реактор; ликвидаторы аварии на Чернобыльской АС; последствия Чернобыльской трагедии
686 Индексы других классификаций __
a Классификационный индекс 31.47-082.03
700 Автор _1
a Фамилия Кокосов
b Имя (инициалы) В.
801 Источник записи _0
a Страна RU
b Организация МБУК ЦБС г. Ульяновска
c Дата составления 20260423
g Правила каталогизации RCR
801 Источник записи _1
a Страна RU
b Организация МБУК ЦБС г. Ульяновска
c Дата составления 20260423
g Правила каталогизации RCR
901 Тип документа __
t Тип документа f
w Контрольный № источника RU/CBS_UL/BASE/1c7c8416be204e73aeb92d99be15821e
909 Создатель записи __
a Создатель записи mbo